Community development : (Record no. 125852)

MARC details
000 -LEADER
fixed length control field 00725nam a22002537a 4500
005 - DATE AND TIME OF LATEST TRANSACTION
control field 20170124110001.0
010 ## - LIBRARY OF CONGRESS CONTROL NUMBER
LC control number 916951
020 ## - INTERNATIONAL STANDARD BOOK NUMBER
Terms of availability 00.00
035 ## - SYSTEM CONTROL NUMBER
System control number 916951
037 ## - SOURCE OF ACQUISITION
Source of stock number/acquisition Cen Lib/Ret
040 ## - CATALOGING SOURCE
Original cataloging agency DPL
Language of cataloging EN
082 ## - DEWEY DECIMAL CLASSIFICATION NUMBER
Classification number 301.34
Item number UDE
100 ## - MAIN ENTRY--PERSONAL NAME
Personal name Udeshi, J.J.
9 (RLIN) 15726
245 ## - TITLE STATEMENT
Title Community development :
Statement of responsibility, etc by J.J. Udeshi
Remainder of title costs and benefits /
246 ## - VARYING FORM OF TITLE
Remainder of title
260 ## - PUBLICATION, DISTRIBUTION, ETC. (IMPRINT)
Name of publisher, distributor, etc Bombay university press
Place of publication, distribution, etc Bombay
Date of publication, distribution, etc 1973
270 ## - ADDRESS
City Bombay
300 ## - PHYSICAL DESCRIPTION
Extent 237p.
Dimensions 21cm(Hb)
490 ## - SERIES STATEMENT
Series statement Univarsity of Bombay publicatioans economics series No.22
500 ## - GENERAL NOTE
General note Includes index
650 ## - SUBJECT ADDED ENTRY--TOPICAL TERM
Topical term or geographic name as entry element Social problems
9 (RLIN) 87398
650 ## - SUBJECT ADDED ENTRY--TOPICAL TERM
Topical term or geographic name as entry element Community development
9 (RLIN) 87399
942 ## - ADDED ENTRY ELEMENTS (KOHA)
Source of classification or shelving scheme Dewey Decimal Classification
Koha item type English Books
Classification part 301.34
Call number suffix UDE
Holdings
Withdrawn status Lost status Damaged status Not for loan Home library Current library Date acquired Source of acquisition Cost, normal purchase price Total Checkouts Full call number Barcode Date last seen Copy number Cost, replacement price Price effective from Koha item type
        Central Library Central Library 23/06/2015 Cen Lib/Ret 0.00   301.34 UDE 916951 23/06/2015 1 0.00 23/06/2015 English Books

© Delhi Public Library
Hit Counter
free hit counter